| 000 | 00423pab a2200169 454500 | ||
|---|---|---|---|
| 008 | 180718b2011 xxu||||| |||| 00| 0 eng d | ||
| 100 | _aDorothy, J.S. | ||
| 245 | _aOpen learning as a learning mechanism in disability management. | ||
| 260 | _c2011 | ||
| 300 | _ap.14-17. | ||
| 362 | _a26 Dec | ||
| 650 | _aDistance education | ||
| 700 | _aAshwini Kumar | ||
| 773 | _aUniversity News | ||
| 908 | _aN | ||
| 909 | _a94743 | ||
| 999 |
_c94743 _d94743 |
||